| 000 | 00368nam a2200157Ia 4500 | ||
|---|---|---|---|
| 008 | 230312s9999||||xx |||||||||||||| ||und|| | ||
| 020 | _a0-07-163235-5 | ||
| 082 |
_a537 _bJOS-E |
||
| 100 | _aJoseph;A | ||
| 245 | 0 | _aElectromagnetics | |
| 260 |
_bMcGraw Hill _aIndia _c2011 |
||
| 300 | _a354 | ||
| 546 | _aEng. | ||
| 650 |
_aEngineering _vElectromagnetics |
||
| 942 | _cBK | ||
| 999 |
_c7535 _d7535 |
||